000 00192nam a2200085Ia 4500
008 170617s9999 xx 000 0 und d
100 _aTalley
245 0 _aIrritable Bowel syndrome
260 _bElesvir Pub
260 _c2005
999 _c15161
_d15161